Muestra de literatura oral en Leticia, Amazonas / (Record no. 173236)

MARC details
000 -LEADER
campo de control de longitud fija 01139namaa22003011i 4500
001 - NÚMERO DE CONTROL
campo de control 173236
003 - IDENTIFICADOR DE NÚMERO DE CONTROL
campo de control ES-MaACL
005 - FECHA Y HORA DE LA ÚLTIMA TRANSACCIÓN
campo de control 20250629063145.0
008 - DATOS DE LONGITUD FIJA--INFORMACIÓN GENERAL
campo de control de longitud fija 091120s1981 ck ag |||| | spa d
080 ## - NÚMERO DE LA CLASIFICACIÓN DECIMAL UNIVERSAL
Número de la Clasificación Decimal Universal 398.2(=98 Ticuna)
080 ## - NÚMERO DE LA CLASIFICACIÓN DECIMAL UNIVERSAL
Número de la Clasificación Decimal Universal 398.2(=98 Huitete)
080 ## - NÚMERO DE LA CLASIFICACIÓN DECIMAL UNIVERSAL
Número de la Clasificación Decimal Universal 821.134.2(861)-91.09
100 1# - ENTRADA PRINCIPAL--NOMBRE DE PERSONA
Nombre de persona Rodríguez de Montes, María Luisa.
9 (RLIN) 162806
Término indicativo de función/relación Autor
245 10 - MENCIÓN DEL TÍTULO
Título Muestra de literatura oral en Leticia, Amazonas /
Mención de responsabilidad, etc. María Luisa Rodríguez de Montes.
260 ## - PUBLICACIÓN, DISTRIBUCIÓN, ETC.
Lugar de publicación, distribución, etc. Bogotá :
Nombre del editor, distribuidor, etc. Instituto Caro y Cuervo,
Fecha de publicación, distribución, etc. 1981.
300 ## - DESCRIPCIÓN FÍSICA
Extensión 262 páginas :
Otras características físicas ilustraciones, música ;
Dimensiones 23 cm.
490 1# - MENCIÓN DE SERIE
Mención de serie Publicaciones del Instituto Caro y Cuervo ;
Designación de volumen o secuencia 57
500 ## - NOTA GENERAL
Nota general Glosario: p. 209-237
504 ## - NOTA DE BIBLIOGRAFÍA, ETC.
Nota de bibliografía, etc. Bibliografía: p. [239]-240.
650 #7 - PUNTO DE ACCESO ADICIONAL DE MATERIA--TÉRMINO DE MATERIA
Término de materia o nombre geográfico como elemento de entrada Literatura popular-
Subdivisión geográfica Colombia.
9 (RLIN) 162807
650 ## - PUNTO DE ACCESO ADICIONAL DE MATERIA--TÉRMINO DE MATERIA
Término de materia o nombre geográfico como elemento de entrada Leyendas-
Subdivisión geográfica Amazonía.
9 (RLIN) 162808
710 2# - ENTRADA AGREGADA--NOMBRE DE ENTIDAD CORPORATIVA
Nombre de entidad corporativa o nombre de jurisdicción como elemento de entrada Instituto Caro y Cuervo.
9 (RLIN) 4806
Término indicativo de función/relación Editor
830 0# - PUNTO DE ACCESO ADICIONAL DE SERIE-TÍTULO UNIFORME
Título uniforme Publicaciones del Instituto Caro y Cuervo ;
Designación de volumen o secuencia 57
9 (RLIN) 177445
852 ## - LOCALIZACIÓN
Ubicación ES-MaACL
Ubicación en estantería Depósito 2
Donativo/Legado Donat. herederos José Prat
Número de control de estantería C-57051
942 ## - ELEMENTOS DE ENTRADA SECUNDARIOS (KOHA)
Fuente del sistema de clasificación o colocación Clasificación decimal universal
Tipo de ítem Koha Libro impreso
Suprimir en OPAC No
Holdings
Estatus retirado Estado de pérdida Estado de daño No para préstamo Biblioteca de origen Biblioteca actual Ubicación en estantería Fecha de adquisición Fuente de adquisición Total de préstamos Signatura topográfica completa Código de barras Visto por última vez Precio de reemplazo Tipo de ítem Koha
        Biblioteca del Ateneo de Madrid Biblioteca del Ateneo de Madrid Depósito 2 20/11/2009     C-57051 1181776 23/02/2023 23/02/2023 Libro impreso